Una villa del Cantábrico (Record no. 156816)

MARC details
000 -LEADER
campo de control de longitud fija 00716nam a2200181 i 4500
001 - NÚMERO DE CONTROL
campo de control 156816
003 - IDENTIFICADOR DE NÚMERO DE CONTROL
campo de control ES-MaACL
005 - FECHA Y HORA DE LA ÚLTIMA TRANSACCIÓN
campo de control 20231227062555.0
008 - DATOS DE LONGITUD FIJA--INFORMACIÓN GENERAL
campo de control de longitud fija 931025s1877 sp |||| | spa d
040 ## - FUENTE DE CATALOGACIÓN
Centro catalogador/agencia de origen AS
Lengua de catalogación spa
Centro/agencia transcriptor PAB
100 1# - ENTRADA PRINCIPAL--NOMBRE DE PERSONA
Nombre de persona Labra, Rafael M. de,
Fechas asociadas al nombre 1840-1918
9 (RLIN) 69273
245 14 - MENCIÓN DEL TÍTULO
Título Una villa del Cantábrico
Resto del título : Gijón : notas de viaje /
Mención de responsabilidad, etc. por Rafael M. de Labra.
260 ## - PUBLICACIÓN, DISTRIBUCIÓN, ETC.
Lugar de publicación, distribución, etc. Oviedo :
Nombre del editor, distribuidor, etc. [s.n.],
Fecha de publicación, distribución, etc. 1877 (
Fabricante Imprenta de Eduardo de Uría)
300 ## - DESCRIPCIÓN FÍSICA
Extensión [3], 200 p. ;
Dimensiones 17 cm.
595 #1 -
-- Existe emisión con pie de imp.: Madrid.: [s.n.], 1878 (Imp. de Aurelio Alaria)
852 ## - LOCALIZACIÓN
Ubicación ES-MaACL
Número de control de estantería T-346-F-1
Nota libre -- Enc. hol.
condición física -- Falto de la cub. original
Nota libre -- Enc. en un vol. facticio
Holdings
Estatus retirado Estado de pérdida Estado de daño No para préstamo Colección Biblioteca de origen Biblioteca actual Ubicación en estantería Fecha de adquisición Total de préstamos Signatura topográfica completa Código de barras Visto por última vez Precio de reemplazo Tipo de ítem Koha
        Colección de folletos Biblioteca del Ateneo de Madrid Biblioteca del Ateneo de Madrid Depósito folletos 17/01/2008   T-346-F-1 1164070 23/02/2023 23/02/2023 Folleto